000 00398nam a22001937a 4500
003 UA-OsUOA
001 1702
007 ta
008 20050721b un ||||| |||| 00| 0 ukr d
100 _aIsenberg
700 _aS.
700 _aElting
700 _aL. M.
942 _cBK
040 _aUA-OsUOA
_cUA-OsUOA
_dUA-OsUOA
245 _aThe 9 day wonder diet
_bFiction
955 _a2
650 7 _2UDC
999 _c287864
_d287864